MDQL
is popping MORE tags! Check the
thread
!
Quizzes
Events
Quiz Creation
Community
Videos
Private Events
Remove Ads
Sign In
Join for FREE
Feedback
Dark Mode
Quiz Categories
Sports
Geography
Music
Movies
Television
Just For Fun
Miscellaneous
History
Literature
Language
Science
Gaming
Entertainment
Religion
Holiday
For Kids
Quiz Lab
Recent
Popular Today
Quiz Kudos Today
Editor Picks
Curator Picks
Quizzes by...
Day
Popularity
Type
Ratings
Length
Year
Community
Subscriptions
Recent Discussions
Orange Saloon
Badges
Playlists
Quests
Create
Leaderboards
Showdown
Live 5
Trivia Bingo
Activity
Puzzle Library
Sporcle Events
Private Events
Virtual Trivia
Globe League
Become a Host
Pub Owners
SporcleCon
Opinionation
Our Games
Videos
Blog
Mobile Apps
Partnerships
Remove Ads and Go Orange
Feedback
Language
Vocabulary
Begins and Ends
Definition
Spanish
French
German
Italian
Chinese
Latin
Translation
Japanese
Language
Vocabulary
Begins and Ends
Definition
Spanish
French
German
Italian
Chinese
Latin
Translation
Japanese
Random Quiz
Search Sporcle
×
Quiz Lab
Quiz Lab
Language
Ending
Type in answers that appear in a list
Type in answers that appear in a list
Classic
Best Score? Go Orange.
Ends in Li Stats
Can you name the words ending in Li?
By
longboard
9m
53 Questions
52 Plays
52 Plays
52 Plays
Comments
Comments
Give Quiz Kudos
Give Quiz Kudos
-
- Ratings
hide this ad
More Info
Replay
Link that replays current quiz
Next Quiz
Link to next quiz in quiz playlist
You Got
0%
They Got
Avg Score
34%
Avg Friend Score
Upgrade to see
Score Distribution
Jump to the score distribution portion of the page
Score
0/53
Timer
09:00
0
Plays Today
Clue
Word
% Correct
African country
Mali
73.1%
'Melting Clocks' Spanish painter; Salvador _
_
_
_
Dali
73.1%
Short for delicatessen
Deli
73.1%
Most visited Indonesian island
Bali
69.2%
A Will Smith's film and the guy with forty thieves
Ali
67.3%
A national of Nepal
Nepali
65.4%
Plural for stimulus
Stimuli
65.4%
A national of Israel
Israeli
63.5%
Chinese actor Jet _
_
_
_
_
Li
63.5%
Bantu language spoken in the African Great Lakes region
Swahili
61.5%
Green vegetable arguably hated by children
Broccoli
59.6%
Naples native name
Napoli
59.6%
Libya's capital city
Tripoli
51.9%
Dwarf in Tolkien's Lords of the Rings trilogy
Gimli
50%
Semi-
precious stone of blue color found in Chile and Russia; lapis
Lazuli
50%
Main character in Kipling's The Jungle Book
Mowgli
48.1%
A type of hot pepper and a stew with meat and beans
Chili
44.2%
Widely spoken language and India and Bangladesh
Bengali
44.2%
Colloquial name for Stolichnaya Vodka
Stoli
44.2%
In chemistry, a base that dissolves in water
Alkali
42.3%
Alaskan national park
Denali
40.4%
Bacteria found in the lower intestine of warm-
blooded organisms
E.coli
36.5%
Timor-
Leste's capital city
Dili
36.5%
Rwanda's capital city
Kigali
36.5%
The voice of the people; Vox _
_
_
_
_
_
_
_
_
Populi
36.5%
Third largest city in Colombia known for its Cartel
Cali
34.6%
Popular breaksfast dish based on raw oats and other ingredients
Muesli
32.7%
Clue
Word
% Correct
Something already decided beforehand; fait _
_
_
_
_
_
_
_
Accompli
30.8%
City on the border of California and Baja
Mexicali
28.8%
The other dwarf brother in J.R.R. Tolkien's The Hobbit
Fili
28.8%
Provencal sauce made of garlic, olive oil, lemon juice, egg yolks, and seasonings
Aioli
28.8%
One of the two dwarf brothers in J.R.R. Tolkien's The Hobbit
Kili
26.9%
City in Lazio, Italy and amusing park in Copenhagen; _
_
_
_
_
_
_
Gardens
Tivoli
25%
Famous Italian type of pasta
Ravioli
21.2%
The Conjuring's American actress _
_
_
_
_
_
Taylor
Lili
21.2%
One of the main female characters in the media franchise Street Fighter
Chun-Li
21.2%
Peninsula, and city in Turkey, Mel Gibson's film
Gallipoli
19.2%
Plant used in many perfumes and incense
Patchouli
19.2%
Hungarian small-
medium breed of herding and livestock guard dog
Puli
19.2%
Austrian-
Swiss physicist responsible for the _
_
_
_
_
_
_
exclusion principle in quantum mechanics
Pauli
19.2%
The Sopranos' American actor Michael _
_
_
_
_
_
_
_
_
Imperioli
19.2%
The Hunchback of Notre Dame's Esmeralda's goat
Djali
17.3%
Spring festival or festival of colors usually celebrated by Krishnas
Holi
17.3%
City in Emilia-
Romagna, Italy
Forli
13.5%
Italian penne type of pasta
Mostaccioli
13.5%
A Jamaican tangelo; and a restaurant in The Simpsons' Springfield
Ugli
13.5%
A long Peruvian river and a tributary of the Amazon River
Ucayali
9.6%
Large city in Maharashtra, India
Sangli
9.6%
The Rum Diary's American actor Michael _
_
_
_
_
_
_
_
Rispoli
9.6%
Popular Russian name; the tiger in Madagascar 3
Vitali
9.6%
Large city in the Aegean Region, Turkey
Denizli
9.6%
Historical area of Northeast Italy
Friuli
7.7%
City in Campania, Italy
Pozzuoli
7.7%
Quiz Playlist
Details
Report
Send in Message
Add To Playlist
More Info:
No lli words have been included. They got a quiz of their own.
Classic:
Type in answers that appear in a list
Last Updated: Feb 16, 2017
Quiz Scoreboard
CHALLENGE
Sign Up to Join the Scoreboard
Show All
Scores
Hide
Comments
May contain spoilers
Recently Published
Two Season TV Shows II
by 123Four
Television
10m
Image Sorting: Flags VI
by Barbecue
Geography
2m
Find the 'City' Movie
by crazypaving
Movies
60s
More to Explore
Quiz From the Vault
Featured Blog Post
14 Easter Pick-up Lines to Find Eggs With
hide this ad
You Might Also Like...
Tags
end
Ending
Today's Top Quizzes in Language
Browse Language
hide this ad
Today's Top Quizzes in Ending
Browse Ending
Top Contributed Quizzes in Language
1
What Word Starts All?
2
1-10 Letter F Words III
3
1-10 Letter G Words III
4
Weisst du, aus welchen Sprachen diese Wörter stammen?
5
1-10 Letter H Words III
6
Harry Potter book 6 chapters: English & Greek
7
Arabic Numerals
8
1-10 Letter I Words III
9
One Thing in Common: Italy
10
Celtic Nations in their Language
Explore More
Trending Topics
Harry Potter
Crossword
Kpop
Anime
Disney
Marvel
NBA
Soccer
WWE
Pokémon
The Office
Country
NFL
Puzzle
Song
hide this ad
More By:
longboard
Quiz
Plays
Rating
Category
Featured
Created
Countries of the Americas A-Z
73,251
4.69
Geography
May 7, 2015
'S' African Countries
62,138
4.60
Geography
May 8, 2015
First and Last Five Countries: World
54,888
4.68
Geography
Jun 12, 2015
Island Nations A-Z
50,278
4.50
Geography
May 7, 2015
Amazon Rainforest Countries
46,852
3.88
Geography
Apr 1, 2014
Go to Creator's Profile
Score Distribution
Quiz Creator Spotlight
longboard
Follow
Send a Message
Quizzes Created
-
Created Quiz Play Count
-
More By This Creator
Popular Quizzes Today
1
Find the US States - No Outlines Minefield
2
Colored Red Africa Blitz
3
Find the 'City' Movie
4
5x2 Blitz: Bands
5
The Countries of the World
6
Find the Countries of Europe - No Outlines Minefield
7
Find the US States
8
US States
More Language Quizzes
Ends in 'TH' (A-Z)
Published
Trending Quizzes
Colored Red Europe Blitz I
Colored Red Africa Blitz II
Colored Red Europe Blitz II
Colored Red Africa Blitz III
Colored Red Europe Blitz III
Recently Updated
How Do You Spell That?
pecheneg
Godzilla Movies
pecheneg
Grab Bag: 4-10 Letters
pecheneg
2024 March Madness Bracket
pecheneg
Famous TV Couples
Peacemaker
Champions League XIs: Real Madrid
pecheneg
Largest US Cities 1790-2010
pecheneg
Rides in Walt Disney World
pecheneg
Most Oscar Losses (Acting)
pecheneg
Beyoncé Albums
pecheneg
Trending Topics
Marvel
Kpop
Disney
Harry Potter
Crossword
Anime
NBA
NFL
Puzzle
Pokémon
Song
WWE
Country
The Office
Soccer
Your Account Isn't Verified!
In order to create a playlist on Sporcle, you need to verify the email address you used during registration. Go to your
Sporcle Settings
to finish the process.
Report this User
Report this user for behavior that violates our
Community Guidelines
.
Details:
Send Report
Go to the Sporcle.com Mobile Site →
Comments